[Event "Kobanya op"]
[Site "Kobanya op"]
[Date "1992.??.??"]
[Round "2"]
[White "Dovzik, Juri"]
[Black "Horvath, Csaba"]
[Result "1-0"]
[WhiteElo "2360"]
[BlackElo "2485"]

1.e4 d6 2.d4 Nf6 3.Nc3 e5 4.Nf3 Nbd7 5.Be2 Be7 6.O-O O-O 7.h3 c6 8.Be3 b5
9.a3 Bb7 10.Re1 Re8 11.Bf1 Qc7 12.Qd2 Bf8 13.Bg5 h6 14.Bh4 a5 15.dxe5 dxe5
16.Rad1 Rad8 17.Qc1 Be7 18.Bg3 a4 19.Rd3 Nh7 20.Red1 Ng5 21.Qe3 Ne6 22.Nd5 cxd5
23.exd5 Bc5 24.dxe6 Rxe6 25.Rxd7 Rxd7 26.Rxd7 Qxd7 27.Qxc5 Bxf3 28.gxf3 Qd1
29.Kg2 f5 30.Bxb5 Kh7 31.Bd3 Kg6 32.Qd5 Kf6 33.Qd8+ Kf7 34.Qd7+ Kf6 35.f4 e4
36.Bh4+ g5 37.fxg5+ hxg5 38.Bxg5+ Kxg5 39.Qxe6 Qf3+ 40.Kg1 exd3 41.Qe7+ Kf4
42.Qd6+ Kg5 43.Qxd3 Qb7 44.b3 f4 45.bxa4 Qa8 46.Qd7 Qe4 47.Qd3 Qa8 48.c4 Qxa4
49.Kg2 Kh4 50.Qg6 f3+ 51.Kh2  1-0

[Event "Kobanya op"]
[Site "Kobanya op"]
[Date "1992.??.??"]
[Round "6"]
[White "Kereszturi, Sara"]
[Black "Okhotnik, Vladimir"]
[Result "0-1"]
[WhiteElo "2100"]
[BlackElo "2380"]

1.e4 d6 2.d4 Nf6 3.Nc3 c6 4.f4 Qa5 5.e5 Ne4 6.Bd3 Nxc3 7.Qd2 d5 8.Qxc3 Qxc3+
9.bxc3 e6 10.a4 b6 11.Nf3 Ba6 12.Ba3 Bxa3 13.Rxa3 Ke7 14.Ke2 Rc8 15.g4 c5
16.Kd2 Bxd3 17.cxd3 Nc6 18.dxc5 bxc5 19.Rb1 Rab8 20.Rab3 Rxb3 21.Rxb3 Rb8
22.Rxb8 Nxb8 23.c4 Nc6 24.d4 Na5 25.cxd5 exd5 26.dxc5 Nb3+ 27.Kc3 Nxc5 28.Kd4 Nxa4
29.Kxd5 Nc3+ 30.Kc4 Nd1 31.Nd4 Ne3+ 32.Kb5 Nxg4 33.Nf5+ Kf8 34.h4 g6 35.Nd4 Ne3
36.Ne2 h5 37.Ka6 Nf5 38.Kxa7 Nxh4 39.Kb6 Ke7 40.Kc5 Nf5 41.Kd5 Ng7 42.Ng1 Ne6
43.Nh3 f5 44.Kc6 h4 45.Kd5 Kd7 46.Kc4 Nxf4 47.Nxf4 g5 48.Nh3 g4 49.Nf2 h3
50.Kd3 h2 51.Nh1 f4  0-1

[Event "Kobanya op"]
[Site "Kobanya op"]
[Date "1992.??.??"]
[Round "10"]
[White "Tregubov, Pavel V"]
[Black "Eismont, Oleg"]
[Result "1-0"]
[WhiteElo "2385"]
[BlackElo "2410"]

1.d4 d6 2.e4 Nf6 3.Nc3 c6 4.Nf3 g6 5.Be2 Bg7 6.O-O O-O 7.a4 Nbd7 8.Re1 e5
9.Bf1 exd4 10.Nxd4 Re8 11.Nb3 Qc7 12.h3 a5 13.Bd2 b6 14.f4 h5 15.Qf3 Re7
16.Qg3 Bb7 17.f5 Ne5 18.Bg5 Ree8 19.Rad1 Nh7 20.Be3 Bc8 21.Qf2 Rb8 22.Nd2 Bf6
23.Nc4 Nxc4 24.Bxc4 Kg7 25.fxg6 fxg6 26.Qf4 Be5 27.Qh6+ Kh8 28.Qxg6 Bxh3
29.Qxh5 Be6 30.Bxe6 Rxe6 31.Rf1 Qg7 32.Rf7 Qg6 33.Qxg6 Rxg6 34.Bf4 Rbg8 35.Rd2 Ng5
36.Rf5 b5 37.axb5 cxb5 38.Rd3 b4 39.Nd5 Re8  1-0

[Event "Kuala Lumpur op"]
[Site "Kuala Lumpur"]
[Date "1992.??.??"]
[Round "4"]
[White "Gallagher, Joseph G"]
[Black "Haque, Rezaul"]
[Result "1-0"]
[WhiteElo "2510"]
[BlackElo "2230"]

1.e4 d6 2.d4 Nf6 3.Nc3 c6 4.f4 Qa5 5.Bd3 e5 6.Nf3 Bg4 7.Be3 Nbd7 8.Qd2 Be7
9.O-O-O b5 10.Kb1 b4 11.Ne2 Bxf3 12.gxf3 c5 13.dxe5 dxe5 14.Ng3 g6 15.h4 h5
16.f5 Nb6 17.Qe2 O-O 18.Bc4 Kh7 19.Rhg1 Nfd7 20.Bxf7 Rxf7 21.fxg6+ Kxg6 22.Nf5+ Kf6
23.Rxd7 Nxd7 24.Bg5+ Kg6 25.Bxe7+ Kh7 26.Qd2 Qa6 27.Qg5 Kh8 28.Nd6 Rxe7 29.Qxh5+  1-0

[Event "Kuopio op"]
[Site "Kuopio"]
[Date "1992.??.??"]
[Round "4"]
[White "Fedorov, Vladislav"]
[Black "Malaniuk, Vladimir P"]
[Result "0-1"]
[WhiteElo "2405"]
[BlackElo "2540"]

1.e4 d6 2.Nc3 Nf6 3.d4 e5 4.Nf3 Nbd7 5.Be2 Be7 6.O-O O-O 7.Re1 c6 8.a4 a5
9.Bf1 Re8 10.h3 Qc7 11.Be3 Bf8 12.Nd2 b6 13.Qf3 Bb7 14.dxe5 dxe5 15.Bc4 Nc5
16.Ne2 Ba6 17.Bxa6 Rxa6 18.Ng3 b5 19.b3 Raa8 20.Nf5 Re6 21.Reb1 Rb8 22.Ng3 Nfd7
23.axb5 cxb5 24.Qe2 Rc6 25.Ra2 a4 26.Qg4 Ra6 27.Rba1 Rba8 28.h4 a3 29.h5 Ne6
30.Nf5 Kh8 31.Nf3 Rc6 32.Ne1 h6 33.Rd1 Rd8 34.Qh4 Nb6 35.Qg4 Rxd1 36.Qxd1 Nd7
37.Nd3 Nf6 38.Ng3 Nf4 39.Ne1 b4 40.Qf3 Re6 41.Bc1  0-1

[Event "Kuopio op"]
[Site "Kuopio"]
[Date "1992.??.??"]
[Round "4"]
[White "Pyhala, Antti"]
[Black "Rashkovsky, Nukhim N"]
[Result "1-0"]
[WhiteElo "2390"]
[BlackElo "2530"]

1.e4 d6 2.d4 Nf6 3.Nc3 c6 4.h3 e5 5.Nf3 Nbd7 6.a4 a5 7.Bc4 Be7 8.O-O O-O
9.Qe2 h6 10.Rd1 Qc7 11.Nh4 Re8 12.Nf5 Bf8 13.d5 Nb6 14.g4 Bxf5 15.gxf5 Nxc4
16.Qxc4 Rec8 17.Qd3 cxd5 18.exd5 Qc4 19.Qxc4 Rxc4 20.Be3 Be7 21.Ra3 Rac8
22.Bb6 Nd7 23.Rb3 Nxb6 24.Rxb6 Rb4 25.Rb5 Kf8 26.f3 Ke8 27.Rd3 Rxb5 28.axb5 Kd7
29.Kf1 Rc4 30.Ke2 Bd8 31.Rd1 Bb6 32.Ra1 Rf4 33.Na4 Bd8 34.b6 Rd4 35.Nc3 Bxb6
36.Rg1 Rd2+ 37.Kxd2 Bxg1 38.b3 Bc5 39.Kd3 Bb4 40.Ne4 b5 41.c3 Bc5 42.c4 b4
43.Kc2 Ke7 44.Kd3 f6 45.h4 h5 46.Ng3 Bf2 47.Nxh5 Kf7 48.c5 dxc5 49.d6 Bxh4
50.Nxg7 e4+ 51.fxe4 Bg3 52.Ne6 Bxd6 53.Kc4 Ke7 54.Nxc5 Bxc5 55.Kxc5 Kd7 56.Kb5 Kd6
57.Kxa5 Ke5 58.Kxb4 Kxe4 59.Kc5 Kxf5 60.b4 Ke4 61.b5 f5 62.b6 f4 63.b7  1-0

[Event "Ladenburg BM"]
[Site "Ladenburg"]
[Date "1992.??.??"]
[Round "2"]
[White "Schrepp, Martin"]
[Black "Schmidt Schaeffer, Sebastian"]
[Result "0-1"]
[WhiteElo "2250"]
[BlackElo "2270"]

1.e4 d6 2.d4 Nf6 3.Nc3 Nbd7 4.Nf3 e5 5.g3 Be7 6.Bg2 O-O 7.O-O c6 8.a4 Re8
9.Re1 Bf8 10.h3 b6 11.Be3 a6 12.Qd2 Bb7 13.dxe5 dxe5 14.Nh4 Qc7 15.Nf5 Rad8
16.Rad1 Nc5 17.Qc1 Rxd1 18.Rxd1 Ne6 19.Kh2 g6 20.Nh6+ Kg7 21.Ng4 Be7 22.Nxf6 Bxf6
23.Ne2 Rd8 24.c3 c5 25.Rxd8 Qxd8 26.Qc2 Bg5 27.f4 exf4 28.Nxf4 Nxf4 29.gxf4 Bh6
30.Qf2 Qd3 31.e5 Bxg2 32.Kxg2 Kg8 33.a5 bxa5 34.Bxc5 Bxf4 35.Qxf4 Qd5+ 36.Kf1 Qxc5
37.c4 Qc6 38.h4 Kf8 39.Qd4 Qh1+ 40.Ke2 Ke8 41.c5 Qg2+ 42.Kd1 Qb7 43.Kc2 h5
44.Qd6 Qe4+ 45.Kc1 Qxh4 46.Qc6+ Kf8 47.Qc8+ Kg7 48.c6 Qc4+ 49.Kd2 Qd4+ 50.Kc2 Qe4+
51.Kd2 Qf4+ 52.Kd3 Qf3+ 53.Kd4 Qf2+ 54.Kd5 Qd2+ 55.Kc5 Qe3+ 56.Kd5 Qd3+ 57.Kc5 Qb5+
58.Kd6 h4 59.c7 Qb6+ 60.Kd5  0-1

[Event "Lenk op"]
[Site "Lenk"]
[Date "1992.??.??"]
[Round "?"]
[White "Gallagher, Joseph G"]
[Black "Mueller, W."]
[Result "1-0"]
[WhiteElo "2510"]
[BlackElo "2215"]

1.e4 d6 2.d4 Nf6 3.Nc3 e5 4.Nf3 Nbd7 5.Bc4 Be7 6.O-O O-O 7.Re1 c6 8.a4 a5
9.h3 exd4 10.Nxd4 Nc5 11.Qf3 Be6 12.Bxe6 fxe6 13.Qe3 Nfd7 14.b3 Bg5 15.Qxg5  1-0

[Event "Leon"]
[Site "Leon"]
[Date "1992.??.??"]
[Round "3"]
[White "Magem Badals, Jorge"]
[Black "Franco Ocampo, Zenon"]
[Result "0-1"]
[WhiteElo "2515"]
[BlackElo "2520"]

1.e4 d6 2.d4 Nf6 3.Nc3 e5 4.Nge2 Nc6 5.f3 exd4 6.Nxd4 Be7 7.Bc4 O-O 8.O-O Re8
9.Kh1 Bf8 10.Bg5 Ne5 11.Bb3 h6 12.Bh4 Ng6 13.Bf2 Bd7 14.a4 c6 15.Qd2 Qc7
16.Rad1 a6 17.g4 b5 18.Nf5 Ne5 19.Bh4 Bxf5 20.gxf5 Nh7 21.Qg2 Kh8 22.Rg1 Rab8
23.Bf2 Nf6 24.Bd4 b4 25.Ne2 c5 26.Bxe5 Rxe5 27.Nf4 c4 28.Ba2 Qc6 29.Rd4 Rc5
30.Rgd1 b3 31.cxb3 cxb3 32.Bb1 Rc4 33.Rxc4 Qxc4 34.Bd3 Qxa4 35.Rc1 a5 36.Qf2 Qe8
37.Qd2 a4 38.Rc7 d5 39.Nxd5 Nxd5 40.exd5 Qe5 41.Rc1 Qxd5 42.Qe2 Rd8 43.Be4 Qe5
44.Kg2 Be7 45.Kh3 Bf6 46.Rd1 Rb8 47.Qc4 Qxb2 48.Qxa4 Be5 49.Rh1 Qf2 50.Qc4 b2
51.Qc2 Qe3 52.Rd1 Qg5 53.Rh1 Rd8 54.Bd3 Rd4 55.Be4 b1=Q 56.Rxb1 Qh5+  0-1

[Event "Leon"]
[Site "Leon"]
[Date "1992.??.??"]
[Round "5"]
[White "Romero Holmes, Alfonso"]
[Black "Franco Ocampo, Zenon"]
[Result "1-0"]
[WhiteElo "2490"]
[BlackElo "2520"]

1.e4 d6 2.Nc3 e5 3.d4 Nf6 4.Nf3 Nbd7 5.a4 Be7 6.g3 O-O 7.Bg2 c6 8.O-O b6
9.b3 a6 10.Nh4 g6 11.Be3 Bb7 12.f4 b5 13.Qe2 b4 14.dxe5 dxe5 15.Na2 exf4
16.Bxf4 Bc5+ 17.Kh1 Qe7 18.e5 Nd5 19.Nf3 Nxf4 20.gxf4 Nb6 21.c4 bxc3 22.Nxc3 Bb4
23.Ne4 Nd5 24.f5 gxf5 25.Ng3 Rae8 26.Nxf5 Qe6 27.N3d4 Qxe5 28.Nh6+ Kg7 29.Qg4+ Kh8
30.Nxf7+ Rxf7 31.Rxf7 Rg8 32.Qe4 Qxe4 33.Bxe4 Rg7 34.Rxg7 Kxg7 35.Rc1 Ba3
36.Rf1 Bb2 37.Ne6+ Kh6 38.Nc5 Bc8 39.Rf7 Bd4 40.Rxh7+ Kg5 41.Nd3 Nc3 42.Rc7 Be6
43.Rxc6 Bxb3 44.Rg6+ Kh4 45.Bf3  1-0

[Event "Liechtenstein op"]
[Site "Liechtenstein"]
[Date "1992.??.??"]
[Round "?"]
[White "Mainka, Romuald"]
[Black "Pribyl, Josef"]
[Result "1-0"]
[WhiteElo "2455"]
[BlackElo "2415"]

1.e4 d6 2.d4 Nf6 3.Nc3 c6 4.f4 Qa5 5.Bd2 e5 6.Nf3 exd4 7.Nxd4 Qb6 8.Nb3 a5
9.Qe2 a4 10.Nc1 Be7 11.Nd3 O-O 12.h3 Re8 13.O-O-O a3 14.b3 Bf8 15.Qf3 Qd4
16.Nf2 b5 17.Be1 Qc5 18.g4 b4 19.Nb1 Ba6 20.g5 Nfd7 21.Ng4 Bxf1 22.Rxf1 Na6
23.Bf2 Qb5 24.Rg1 Nac5 25.Nd2 Ne6 26.Nc4 Qb8 27.Be3 c5 28.f5 Nd4 29.Bxd4 cxd4
30.g6 hxg6 31.fxg6 fxg6 32.Nh6+ gxh6 33.Rxg6+ Bg7 34.Nxd6 Re7 35.Nf5 Kh7
36.Rdg1 Ne5 37.Rxg7+ Rxg7 38.Rxg7+ Kh8 39.Qh5 Nd3+ 40.Kb1 Qf4 41.Rh7+  1-0

[Event "Liechtenstein op"]
[Site "Liechtenstein"]
[Date "1992.??.??"]
[Round "?"]
[White "Ciric, Dragoljub M"]
[Black "Pribyl, Josef"]
[Result "1-0"]
[WhiteElo "2375"]
[BlackElo "2415"]

1.e4 d6 2.d4 Nf6 3.Nc3 c6 4.Nf3 Bg4 5.h3 Bh5 6.Qe2 e6 7.g4 Bg6 8.Bg2 d5 9.exd5 Nxd5
10.Nxd5 Qxd5 11.Be3 h5 12.Nh4 Be4 13.c4 Bb4+ 14.Bd2 Bxd2+ 15.Qxd2 Qd8 16.Bxe4 Qxh4
17.O-O-O Nd7 18.d5 O-O-O 19.dxc6 bxc6 20.Qe3 Nb6 21.Qc5 Kb8 22.a4 Qf6 23.Bxc6 Qf4+
24.Kb1 Qxc4 25.Qe5+ Kc8 26.Bb5 Rd5 27.Rxd5 Qxd5 28.Rc1+  1-0

[Event "Liechtenstein op"]
[Site "Liechtenstein"]
[Date "1992.??.??"]
[Round "?"]
[White "Borriss, Martin"]
[Black "Pribyl, Josef"]
[Result "0-1"]
[WhiteElo "2395"]
[BlackElo "2415"]

1.e4 d6 2.d4 Nf6 3.Nc3 c6 4.f4 Qa5 5.Bd3 e5 6.Nf3 Bg4 7.Be3 exd4 8.Bxd4 Qb4
9.Be2 Nxe4 10.O-O d5 11.Nxe4 dxe4 12.c3 Qd6 13.Ne5 Bxe2 14.Qxe2 Qd5 15.Rad1 Bc5
16.b4 Bxd4+ 17.Rxd4 Qb5 18.Qxe4 O-O 19.Re1 Qb6 20.Kh1 Qc7 21.Rd3 Re8 22.Red1 h6
23.h3 a5 24.Qf5 Qe7 25.Nc4 axb4 26.Re3 Qf8 27.Rxe8 Qxe8 28.cxb4 Rxa2 29.Nd6 Qe6
30.Qxe6 fxe6 31.Nxb7 Na6 32.Nd8 Nxb4 33.Nxe6 Kf7 34.Rb1 Kxe6 35.Rxb4 Ra7
36.Kg1 c5 37.Rb8 c4 38.Kf2 Kd5 39.Rc8 Kd4 40.Kf3 c3 41.Rd8+ Kc4 42.Ke4 Rc7
43.Rd1 c2 44.Rg1 Kc3 45.g4 Rd7 46.Rc1 Kd2 47.Ra1 Re7+ 48.Kf5 c1=Q 49.Rxc1 Kxc1
50.h4 Kd2 51.g5 Ke3 52.h5 Re4  0-1

[Event "Lisbon-ch"]
[Site "Lisbon"]
[Date "1992.??.??"]
[Round "8"]
[White "Almeida, Jose T"]
[Black "Pereira, Alvaro"]
[Result "1/2-1/2"]
[WhiteElo "2255"]
[BlackElo "2275"]

1.e4 d6 2.d4 Nf6 3.Nc3 c6 4.Bd3 e5 5.Nge2 Nbd7 6.O-O Be7 7.Kh1 exd4 8.Nxd4 Nc5
9.Qe2 Nxd3 10.Qxd3 O-O 11.Bg5 h6  1/2-1/2

[Event "Ljubljana op"]
[Site "Ljubljana"]
[Date "1992.??.??"]
[Round "3"]
[White "Misanovic, Vesna"]
[Black "Solonar, Stephan"]
[Result "1/2-1/2"]
[WhiteElo "2320"]
[BlackElo "2370"]

1.d4 d6 2.e4 Nf6 3.Nc3 c6 4.Bg5 Qa5 5.Qd2 Nbd7 6.f4 b5 7.Bd3 b4 8.Nce2 e6
9.e5 Nd5 10.Nf3 f6 11.Bh4 Be7 12.O-O O-O 13.a3 Qb6 14.axb4 dxe5 15.fxe5 Qxb4
16.c3 Qb3 17.exf6 N7xf6 18.Ne5 c5 19.Bf2 Qb6 20.dxc5 Bxc5 21.Nd4 Qc7 22.Rae1 a5
23.Qg5 a4 24.Ng4 Qf4 25.Nxf6+ Rxf6 26.Qh5 g6 27.Qe2 a3 28.Bc4 axb2 29.Qxb2 Rb8
30.Qc2 Qg5 31.Nf3 Bxf2+ 32.Qxf2 Qf4 33.Qc5 Qc7 34.Qxc7 Nxc7 35.Ng5 Rxf1+
36.Kxf1 Rb6 37.Rd1 Nd5 38.Bxd5 exd5 39.Rxd5 Ba6+ 40.Kf2 Rb2+ 41.Kg3 Bf1 42.Rd8+ Kg7
43.Rd7+ Kg8 44.Rd8+ Kg7 45.Ne6+ Kh6 46.Nf4 g5 47.Rd6+ Kg7 48.Nh5+ Kg8 49.Kg4 Rxg2+
50.Kf5 Rxh2 51.Nf6+ Kf7 52.Rd7+ Kf8 53.Nxh7+ Rxh7 54.Rxh7 Bd3+ 55.Kxg5  1/2-1/2

[Event "Ljubljana op"]
[Site "Ljubljana"]
[Date "1992.??.??"]
[Round "5"]
[White "Podlesnik, Bogdan"]
[Black "Malaniuk, Vladimir P"]
[Result "1/2-1/2"]
[WhiteElo "2370"]
[BlackElo "2550"]

1.e4 d6 2.d4 Nf6 3.Nc3 e5 4.Nf3 Nbd7 5.Bc4 Be7 6.O-O O-O 7.a4 c6 8.Ba2 Re8
9.Qe2 exd4 10.Nxd4 Bf8 11.f3 d5 12.Qf2 Bc5 13.Be3 Ne5 14.Nde2 Bxe3 15.Qxe3 dxe4
16.Nxe4 Nxe4 17.Qxe4 Ng6 18.Qd4 Bf5 19.Rad1 Qc7 20.Ng3 Bxc2 21.Rc1 Red8 22.Qb4 Bd3
23.Rf2 Nf4 24.Qc5 Bg6 25.Bc4 Qb6 26.b4 Rd4 27.Ne2 Nxe2+ 28.Rxe2 Qxc5 29.bxc5 Rxc4
30.Rxc4 Bd3 31.Rce4 Kf8 32.Rb2 Bxe4 33.fxe4 Rb8 34.a5 a6 35.Kf2 Ke7 36.Ke3 Kd7
37.g4 h6 38.Rb1 Kc7 39.Rf1 f6 40.h4 Kd7 41.Re1 Kc7 42.Rf1  1/2-1/2

[Event "Malmo op"]
[Site "Malmo"]
[Date "1992.??.??"]
[Round "7"]
[White "Wieweg, Johnny"]
[Black "Sjoberg, Mats"]
[Result "0-1"]
[WhiteElo "2355"]
[BlackElo "2380"]

1.e4 d6 2.d4 Nf6 3.Nc3 c6 4.f4 Qa5 5.Bd3 e5 6.dxe5 dxe5 7.f5 Bc5 8.Bd2 b5
9.Nd5 Qd8 10.Nxf6+ Qxf6 11.Nf3 Nd7 12.Qe2 Bb7 13.O-O-O Qe7 14.g4 a5 15.g5 a4
16.Kb1 a3 17.b3 O-O-O 18.f6 gxf6 19.gxf6 Qxf6 20.Bg5 Qe6 21.Bxd8 Rxd8 22.Rhf1 Be7
23.c4 b4 24.c5 Nxc5 25.Bc4 Rxd1+ 26.Rxd1 Qg4 27.Nxe5 Qxe4+ 28.Qxe4 Nxe4 29.Re1 Nc3+
30.Kc2 Bh4 31.Rg1 Nxa2 32.Rg8+ Kc7 33.Rg7 Bc8 34.Nd3 h6 35.Rxf7+ Kd6 36.Rf8 Bd7
37.Rb8 Bf6 38.Rf8 Bd4 39.Rf4 c5 40.Rh4 Be3 41.Rh5 Nc3 42.Rh4 Bg5 43.Rh5 Bg4  0-1

[Event "Balkaniad"]
[Site "Mangalia"]
[Date "1992.??.??"]
[Round "1"]
[White "Tzoumbas, Anastasios"]
[Black "Chatalbashev, Boris"]
[Result "0-1"]
[WhiteElo "2210"]
[BlackElo "2390"]

1.e4 d6 2.d4 Nf6 3.Nc3 c6 4.a4 Qa5 5.Bd2 e5 6.dxe5 dxe5 7.Nf3 Bg4 8.h3 Bxf3
9.Qxf3 Nbd7 10.Bc4 Bb4 11.O-O O-O 12.Rfd1 Rad8 13.Bg5 Bxc3 14.bxc3 Qc5 15.Bb3 Qe7
16.Qe3 h6 17.Bh4 Qc5 18.Qf3 g5 19.Bg3 Kg7 20.Rd3 Nb6 21.Rad1 Rxd3 22.Rxd3 Nc8
23.Qf5 Re8 24.Rf3 Qe7 25.Re3 Nd6 26.Qf3 c5 27.Qe2 Qc7 28.c4 Qc6 29.Bh2 Re6
30.Qd3 Qc7 31.f3 Nh5 32.g3 Nf6 33.Qc3 Nc8 34.Rd3 Ne7 35.Qd2 Nc6 36.Kg2 Nd4
37.Bg1 Nd7 38.Ba2 Re7 39.c3 Nc6 40.Be3 f6 41.Qd1 b6 42.Rd6 Nf8 43.Qd5 Rd7
44.Rxd7+ Qxd7 45.Bb3 Na5 46.Bc2 Qe6 47.Bd3 Qc6 48.Bc2 Ne6 49.Bc1 Kf7 50.Kf2 Ke7
51.Ke2 Qc8 52.Ba3 Ng7 53.Kf2 Qxh3 54.Bxc5+ bxc5 55.Qxc5+ Kf7 56.Qxa7+ Kg6
57.Qxa5 Qh2+ 58.Ke3 Qxc2 59.c5 Ne6 60.c6 Nf4  0-1

[Event "Manila ol (Women)"]
[Site "Manila"]
[Date "1992.??.??"]
[Round "?"]
[White "Puljek Salai, Zorica"]
[Black "Mira, Helene"]
[Result "1-0"]
[WhiteElo "2190"]
[BlackElo "2135"]

1.e4 d6 2.d4 Nf6 3.Nc3 c6 4.Nf3 Bg4 5.Be2 e6 6.O-O Bxf3 7.Bxf3 d5 8.Re1 Be7
9.Bf4 O-O 10.Qd3 a5 11.Bg3 Re8 12.e5 Nfd7 13.Ne2 b5 14.Bg4 Nf8 15.f4 f5 16.exf6 Bxf6
17.c3 Nbd7 18.Bf2 Nb6 19.b3 a4 20.Qh3 g6 21.Nc1 Qd6 22.Nd3 h5 23.Bf3 Ra7
24.b4 Nc4 25.f5 gxf5 26.Bxh5 Rh7 27.Bxe8 Rxh3 28.gxh3 e5 29.dxe5 Bxe5 30.Nxe5 Nxe5
31.Kh1 Ne6 32.Bh5 d4 33.cxd4 Qd5+ 34.Kg1 Nxd4 35.Bxd4 Qxd4+ 36.Kh1 Qd5+ 37.Kg1 Nd3
38.Re8+ Kh7 39.Rf1 Qd4+ 40.Kh1 f4 41.Bf3 Nf2+ 42.Kg2 Qd7 43.Rfe1 Qxh3+ 44.Kxf2 Qxh2+
45.Bg2 Qg3+ 46.Kg1 Qc3 47.R1e7+ Kh6 48.Re6+ Kg7 49.Rxc6 Qa1+ 50.Kh2 Qxa2
51.Rb8 Qf7 52.Bf3 Qe7 53.Kg2 Qd7 54.Rc2 Qf5 55.Rc7+ Kh6 56.Rb6+  1-0

[Event "Manila ol (Men)"]
[Site "Manila"]
[Date "1992.??.??"]
[Round "?"]
[White "Wach, Markus"]
[Black "Titov, German"]
[Result "0-1"]
[WhiteElo "2320"]
[BlackElo "2490"]

1.e4 d6 2.d4 Nf6 3.Nc3 c6 4.Nf3 Bg4 5.Be2 e6 6.O-O Be7 7.Bg5 d5 8.exd5 Bxf3
9.Bxf3 cxd5 10.Ne2 Nc6 11.c3 O-O 12.Nc1 b5 13.Nd3 b4 14.Qa4 Qe8 15.Kh1 bxc3
16.bxc3 Rc8 17.Rac1 Nd7 18.Bxe7 Qxe7 19.Rfe1 Qd6 20.Be2 Rc7 21.f4 Rfc8 22.Ne5 Nb6
23.Qd1 Nxe5 24.fxe5 Qa3 25.Bd3 Rxc3 26.Rxc3 Rxc3 27.Bb1 g6 28.Qd2 Qb4 29.Qf2 Qc4
30.Rf1 Qc7 31.Qd2 Qc4 32.Qf4 Qc7 33.Qd2 Rc4 34.h4 Qe7 35.Qf4 h5 36.Rf3 Nd7
37.Kh2 Kg7 38.Rg3 Nf8 39.Rf3 Nd7 40.Kh3 Nb8 41.g4 hxg4+ 42.Qxg4 Nc6 43.Rf4 Qa3+
44.Kg2 Qb2+ 45.Rf2 Qxb1 46.Qg5 Qe4+ 47.Kh2 Nxe5  0-1

[Event "Manila ol (Women)"]
[Site "Manila"]
[Date "1992.??.??"]
[Round "?"]
[White "Dahl, Ingrid"]
[Black "Richtrova, Eliska"]
[Result "1/2-1/2"]
[WhiteElo "2125"]
[BlackElo "2320"]

1.e4 d6 2.d4 Nf6 3.Nc3 c6 4.f4 Qa5 5.e5 Ne4 6.Qf3 d5 7.Bd3 Nxc3 8.Bd2 Qb6
9.bxc3 Qb2 10.Qd1 g6 11.Nf3 Qb6 12.c4 Bg4 13.Rb1 Bxf3 14.gxf3 Qxd4 15.cxd5 b6
16.dxc6 Nxc6 17.Qe2 e6 18.Be3 Qd7 19.Bb5 Be7 20.Qc4 Rc8 21.Rd1 Qc7 22.Rd3 O-O
23.Qxc6 Qxc6 24.Bxc6 Rxc6 25.c3 Rd8 26.Rxd8+ Bxd8 27.Kd2 Rc4 28.Rb1 Ra4 29.Rb2 a6
30.Kc2 b5 31.Kb3 Rc4 32.Rd2 Ba5 33.Rd3 Kg7 34.Bd2 Bc7 35.Rd4 Rc6 36.c4 g5
37.a4 bxa4+ 38.Kxa4 gxf4 39.Bxf4 Bb6 40.Re4 Kg6 41.Bg3  1/2-1/2

[Event "Manila ol (Women)"]
[Site "Manila"]
[Date "1992.??.??"]
[Round "?"]
[White "Koskela, Niina"]
[Black "Yermolinskaya, M."]
[Result "1/2-1/2"]
[WhiteElo "2125"]
[BlackElo "2205"]

1.e4 d6 2.d4 Nf6 3.Nc3 c6 4.Nf3 Bg4 5.Be2 e6 6.Be3 Be7 7.h3 Bh5 8.e5 Nd5
9.Nxd5 cxd5 10.O-O O-O 11.c3 Nc6 12.exd6 Bxd6 13.Re1 Rc8 14.Ng5 Bxe2 15.Qxe2 h6
16.Nf3 a6 17.a4 Na5 18.Nd2 Nc4 19.Nxc4 Rxc4 20.Qh5 Qf6 21.Bd2 Bf4 22.Qe2 Rfc8
23.Bxf4 Qxf4 24.a5 Qd6 25.Qe5 Qxe5 26.Rxe5 R8c6 27.f4 f6 28.Re2 Kf7 29.Kf2 Rd6
30.Ke3 Rd7 31.Kd3 Rd6 32.Rf2  1/2-1/2

[Event "Manila ol (Men)"]
[Site "Manila"]
[Date "1992.??.??"]
[Round "?"]
[White "Richmond, Peter"]
[Black "Hsu Li Yang"]
[Result "1-0"]
[WhiteElo "2220"]
[BlackElo "2290"]

1.e4 d6 2.d4 Nf6 3.Nc3 e5 4.Nf3 Nbd7 5.g3 Be7 6.Bg2 O-O 7.O-O c6 8.a4 Re8
9.h3 Qc7 10.Be3 Bf8 11.Re1 b6 12.Qd2 Ba6 13.Rad1 Rad8 14.Qc1 Bb7 15.Qa1 a6
16.Qa2 h6 17.Nh4 b5 18.Ng6 exd4 19.Bxd4 b4 20.Nxf8 Kxf8 21.Nb1 c5 22.Bxf6 Nxf6
23.Nd2 Re7 24.c3 bxc3 25.bxc3 Rde8 26.Qb1 Bc6 27.Nc4 Nxe4 28.Rxe4 Rxe4 29.Nxd6 Rb8
30.Qd3 Re6 31.Bxc6 Qxc6 32.Qh7 Qf3 33.Qh8+ Ke7 34.Nf5+ Kf6 35.Qxg7+ Kxf5
36.Qxf7+ Rf6 37.g4+ Kg5 38.Rd5+ Qxd5 39.Qxd5+ Kg6 40.Qe4+ Kg7 41.Qe7+ Kg6
42.h4 Rbf8 43.Qxc5 Rf4 44.Qd6+ R8f6 45.Qd3+ Kg7 46.Qe2 Rxa4 47.c4 Ra5 48.c5 Ra4
49.g5 hxg5 50.hxg5 Rff4 51.c6 Rg4+ 52.Kh2 Rxg5 53.Qb2+ Kh6 54.Qh8+ Kg6 55.c7 Rf4
56.Qe8+ Kh6 57.Qe6+ Kg7 58.Qe7+ Kg6 59.Qd6+ Rf6 60.Qxf6+  1-0

[Event "Manila ol (Women)"]
[Site "Manila"]
[Date "1992.??.??"]
[Round "?"]
[White "Tagnon, Nicole"]
[Black "Mira, Helene"]
[Result "1-0"]
[WhiteElo "2120"]
[BlackElo "2135"]

1.e4 d6 2.d4 Nf6 3.Nc3 c6 4.f4 Qa5 5.Bd3 e5 6.dxe5 dxe5 7.f5 b5 8.Nf3 b4
9.Nb1 Be7 10.O-O Bxf5 11.exf5 e4 12.Bxe4 Nxe4 13.Qe2 Nf6 14.Re1 Qc5+ 15.Kh1 Ng4
16.h3 h5 17.Bg5 f6 18.Bf4 Nd7 19.Nbd2 Nf2+ 20.Kh2 Ng4+ 21.Kh1 Nf2+ 22.Kh2 Ng4+
23.Kg3 g5 24.fxg6 h4+ 25.Nxh4 Nge5 26.Ne4 Qa5 27.g7 Rg8 28.Qh5+ Kd8 29.Qh7 Kc7
30.Nf5 Bc5 31.Nxf6 Nxf6 32.Bxe5+ Kb6 33.Bxf6 Raf8 34.Kh2 Rc8 35.Nh6 Bd6+
36.Kh1 Qh5 37.Qd3 Qxh6 38.Qxd6 Qh5 39.Qxb4+ Ka6 40.Qc4+ Kb6  1-0

[Event "Manila ol (Women)"]
[Site "Manila"]
[Date "1992.??.??"]
[Round "?"]
[White "Undrahbuyan, Baasanjav"]
[Black "Agababian, Naira"]
[Result "0-1"]
[WhiteElo "2040"]
[BlackElo "2125"]

1.e4 d6 2.d4 Nf6 3.Nc3 c6 4.f4 Qa5 5.Bd3 e5 6.Nf3 Bg4 7.Be3 Nbd7 8.h3 Bxf3
9.Qxf3 Qb4 10.dxe5 dxe5 11.O-O-O Bc5 12.Bd2 Bd4 13.a3 Qe7 14.Ne2 Bc5 15.f5 b5
16.g4 Nb6 17.g5 Nfd7 18.Rdf1 O-O-O 19.Kb1 Kb7 20.Nc1 Na4 21.Na2 Ka8 22.h4 Rb8
23.Bb4 a5 24.Bxc5 Ndxc5 25.f6 gxf6 26.Qxf6 Qd7 27.Rd1 Qc7 28.Rhf1 Rhf8 29.b3 Ne6
30.Rf5 Nb6 31.Qxe5 Qe7 32.Kb2 Rb7 33.Qc3 a4 34.Qa5+ Kb8 35.Nb4 Kc7 36.Na6+ Kc8
37.Qb4 Qxb4 38.Nxb4 Nd4 39.Rf6 Nd7 40.Rdf1 axb3 41.cxb3 Kc7 42.Nc2 Ne6 43.Ne3 Ne5
44.Be2 Ra7 45.Bg4 Nc5 46.Bf5 Kb6 47.Nc2 Re7 48.Rd6 Na4+ 49.Ka1 Nc5 50.Ka2 Kc7
51.Rh6 Rd8 52.Rxh7 Rd2 53.Kb1 Rg2 54.b4 Na4 55.Rh1 Nd3 56.Rxf7 Nc3+ 57.Ka1 Rxf7
58.Be6 Rff2  0-1

[Event "Manila ol (Women)"]
[Site "Manila"]
[Date "1992.??.??"]
[Round "?"]
[White "Vilar Lopez, Monica"]
[Black "Yermolinskaya, M."]
[Result "1/2-1/2"]
[WhiteElo "2230"]
[BlackElo "2205"]

1.e4 d6 2.d4 Nf6 3.Nc3 c6 4.Nf3 Bg4 5.Be2 e6 6.Bf4 Be7 7.O-O d5 8.exd5 cxd5
9.Nb5 Na6 10.h3 Bh5 11.c3 O-O 12.Ne5 Bxe2 13.Qxe2 Qb6 14.a4 Qd8 15.Nd3 Ne8
16.Rfc1 Nac7 17.Nc5 b6 18.Nb3 a6 19.Nxc7 Nxc7 20.c4 dxc4 21.Bxc7 Qxc7 22.Rxc4 Qd7
23.Rac1 Bf6 24.Qc2 Rfd8 25.Rd1 h6 26.Nc1 Rac8 27.Ne2 Rxc4 28.Qxc4 b5 29.axb5 Qxb5
30.b3 Rb8 31.Rd3 Qb4 32.Qxb4 Rxb4 33.Kf1 Rb5 34.Ke1 Kf8 35.Kd2 Ke7 36.Kc2 h5
37.Nc3 Rf5 38.Ne4 Ra5 39.Kb2 Kd7 40.Nxf6+ gxf6 41.h4 Rf5 42.f3 Kd6 43.Kc3 Ra5
44.Rd2 f5 45.Kd3 Ra1 46.Rc2 Ra3 47.Kc4 Ra1 48.Kd3 f6  1/2-1/2

[Event "Manila ol (Men)"]
[Site "Manila"]
[Date "1992.??.??"]
[Round "?"]
[White "Gruenfeld, Yehuda"]
[Black "Komliakov, Viktor"]
[Result "1-0"]
[WhiteElo "2510"]
[BlackElo "2415"]

1.e4 d6 2.d4 Nf6 3.Nc3 c6 4.f4 g6 5.Nf3 Bg7 6.Bd3 O-O 7.O-O Bg4 8.Be3 Qb6
9.Rb1 Nfd7 10.Na4 Qa5 11.c4 b5 12.Nc3 b4 13.Ne2 c5 14.Qd2 cxd4 15.Nexd4 Nc5
16.Nb3 Qc7 17.Bc2 Nc6 18.Nfd4 Nxb3 19.axb3 Nxd4 20.Bxd4 e5 21.Be3 exf4 22.Bxf4 Qb6+
23.Be3 Bh6 24.Bxb6 Bxd2 25.Bd4 Bg5 26.h3 Bd7 27.Rbd1 Bc6 28.Bf6 Be3+ 29.Kh1 Bc5
30.Be7 Rfe8 31.Bxd6 Bxd6 32.Rxd6 Rac8 33.Rd4 Re5 34.Rf6 Kg7 35.Rfd6 a5 36.Kg1 h5
37.Kf2 h4 38.Ke3 g5 39.Rd2 Bxe4 40.Bxe4 Rce8 41.R2d4 f5 42.Rd7+ Kf6 43.R4d6+ R8e6
44.Rxe6+ Rxe6 45.Rd4 fxe4 46.c5 Kf5 47.Rc4 Rc6 48.Kd4 e3 49.Kxe3 Ke5 50.Kf3 Kf5
51.Rc2 Kf6 52.Ke4 Ke6 53.Rc1 Kd7 54.Kf5 Rc8 55.c6+ Kc7 56.Rc2 Rg8 57.Kg4 Rg7
58.Rc5 Re7 59.Rxg5 Re2 60.Kxh4 Kxc6 61.g4  1-0

[Event "Manila ol (Men)"]
[Site "Manila"]
[Date "1992.??.??"]
[Round "?"]
[White "Kveinys, Aloyzas"]
[Black "Mokry, Karel"]
[Result "0-1"]
[WhiteElo "2485"]
[BlackElo "2535"]

1.e4 d6 2.d4 Nf6 3.Nc3 c6 4.a4 Qa5 5.Bd2 e5 6.d5 Qc7 7.Bc4 a5 8.Nge2 Nbd7
9.Bg5 Be7 10.O-O Nb6 11.Bxf6 Bxf6 12.Qd3 Nxc4 13.Qxc4 Qb6 14.Nc1 O-O 15.Nb3 Be7
16.Kh1 Bd7 17.f3 Qa6 18.Qd3 Qxd3 19.cxd3 Bg5 20.Rfd1 Ra6 21.Ra3 Rc8 22.d4 exd4
23.dxc6 bxc6 24.Rxd4 Be6 25.Nd2 c5 26.Rd3 c4 27.h4 Bh6 28.Rd4 Be3 29.Rd5 Bxd5
30.Nxd5 Bxd2 31.Ne7+ Kf8 32.Nxc8 Ke8  0-1

[Event "Manila ol (Women)"]
[Site "Manila"]
[Date "1992.??.??"]
[Round "?"]
[White "Mihevc, Narcisa"]
[Black "Yermolinskaya, M."]
[Result "0-1"]
[WhiteElo "2150"]
[BlackElo "2205"]

1.e4 d6 2.d4 Nf6 3.Nc3 c6 4.f3 Nbd7 5.Be3 e5 6.Qd2 Be7 7.O-O-O b5 8.g4 b4
9.Nce2 Qa5 10.Kb1 Nb6 11.Nc1 Be6 12.g5 Nh5 13.Nb3 Qa4 14.dxe5 dxe5 15.Qf2 O-O
16.Bd3 Rfc8 17.Bc5 Bxc5 18.Qxc5 Nd7 19.Qd6 Nf4 20.Ne2 Nxd3 21.Qxd3 c5 22.Qe3 c4
23.Nbc1 c3 24.Nb3 cxb2 25.Kxb2 Nb6 26.Qd3 Bc4 27.Qd2 Qa3+ 28.Ka1 Na4  0-1